000 00384 a2200133 4500
001 ART_12838
005 20260410161733.0
008 260409a
245 1 0 _aProhibido cruzarse de brazos
100 1 _aSánchez, Carlos E.
700 1 _aFloria, Carlos A.
700 1 _aBlasco, Eduardo
773 0 _tEjecutivos de finanzas
_g- Año 7, Nº 57 (jul. 1989)
_wREV2863
999 _c18067
_d18067